01207nam a2200301Ia 4500001001200000003000800012006001900020007001500039008004100054020001800095020001500113040002100128035002100149050002600170100003400196245008900230246002200319260003400341300002500375504009200400533015200492610003200644650004000676655002900716710001700745856012600762999001700888ebr10257049CaPaEBRm u cr cn|||||||||040120s2004 onccf sb 001 0ceng d z9781550226188 z1550226185 aCaPaEBRcCaPaEBR a(OCoLC)19181994014aML421.D42bT46 2004eb1 aThompson, Dave,d1960 Jan. 3-10aSmoke on the waterh[electronic resource] :bthe Deep Purple story /cDave Thompson.30aDeep Purple story aToronto :bECW Press,cc2004. axi, 402 p. :bports. aIncludes bibliographical references (p. 386-387), discographies (p. 323-384) and index. aElectronic reproduction.bPalo Alto, Calif. :cebrary,d2009.nAvailable via World Wide Web.nAccess may be limited to ebrary affiliated libraries.20aDeep Purple (Musical group) 0aRock musicianszEnglandvBiography. 7aElectronic books.2local2 aebrary, Inc.40uhttp://site.ebrary.com/lib/rucke/Doc?id=10257049zAn electronic book accessible through the World Wide Web; click to view c13518d13518